13. století v německých reáliích a osobnost císaře Fridricha II. Štaufského

Článok sa zaoberá nemeckou dynastiou Štaufov, osobitne vládcom tejto dynastie v 13. storočí so zameraním na osobnosť Fridricha II. Článok sa zameriava predovšetkým na diplomatické, geografické a kultúrne aspekty 13. storočia vo vzťahu k Rímsko-nemeckej ríši, Sicílskemu kráľovstvu a Blízkemu východu.

Salvato in:
Dettagli Bibliografici
Autore principale: Maier, Tomas, 1965-
Natura: Capitolo di libro
Lingua:ceco
Soggetti:
Tags: Aggiungi Tag
Nessun Tag, puoi essere il primo ad aggiungerne!!

MARC

LEADER 00000naa$a2200000$$$4500
001 0267815
005 20240502074212.2
041 0 |a cze 
044 |a SK 
245 1 0 |a 13. století v německých reáliích a osobnost císaře Fridricha II. Štaufského  |c Tomas Maier 
520 |a Článok sa zaoberá nemeckou dynastiou Štaufov, osobitne vládcom tejto dynastie v 13. storočí so zameraním na osobnosť Fridricha II. Článok sa zameriava predovšetkým na diplomatické, geografické a kultúrne aspekty 13. storočia vo vzťahu k Rímsko-nemeckej ríši, Sicílskemu kráľovstvu a Blízkemu východu. 
610 2 0 |a história 
610 2 0 |a Sicília 
610 2 0 |a Nemecko 
610 2 0 |a vzťahy medzinárodné 
100 1 |a Maier, Tomas, 1965-